000 01217nam a22001937a 4500
003 JO-AjAnu
005 20240629105750.0
008 231211b jo ||||| |||| 00| 0 ara d
040 _aJO-AjAnu
_bARA
_cJO-AjAnu
050 _aK564 2023
100 1 _aالسويلم، عائشة احمد محمد
_964896
_eمعد
245 2 0 _aالمسؤلية التقصيرية الناجمة عن اضرار روبوتات الذكاء الاصطناعي قي التشريع الاردني : دراسة مقارنة = The Tort Liability Resulting From the Damages of Artificial Intelligence Applications in the Jordanian Legislation : Comparative Study /
_cاعداد عائشة احمد محمد السوسلم، اشراف محمد علي بني مقداد
260 _c2023
300 _a140 ورقة
504 _a رسالة جامعية (ماجستير) .- جامعة عجلون الوطنية (عجلون، الأردن)، كلية ادارة الاعمال، قسم اادارة الاعمال، 2023
650 7 0 _aالذكاء الاصطناعي - المسؤولية التقصيرية - الروبوت - قوانين
_964901
700 1 _aبني مقداد، محمد علي
_964902
_eمشرف
942 _2lcc
_cTHS
_n0
999 _c33267
_d33267